| 000 | 01483cam a2200385 i 4500 | ||
|---|---|---|---|
| 001 | 16892527 | ||
| 003 | OSt | ||
| 005 | 20230923140712.0 | ||
| 008 | 110727s2013 maua 001 0 eng | ||
| 010 | _a 2011935271 | ||
| 020 | _a978113105183 | ||
| 020 | _a9781133105060 (hardcover : student edition) | ||
| 020 | _a1133105068 (hardcover : student edition) | ||
| 040 |
_aDLC _beng _cDLC _erda |
||
| 042 | _apcc | ||
| 050 | 0 | 0 |
_aQA154.3 _b.L347 2013 |
| 082 |
_a512.9 _bLAR/C |
||
| 100 | 1 |
_aLarson, Ron, _d1941- _99574 |
|
| 245 | 1 | 0 |
_aCollege algebra and calculus : _ban applied approach / _cRon Larson, the Pennsylvania State University, the Behrend College, Anne V. Hodgkins, Phoenix College ; with the assistance of David C. Falvo, the Pennsylvania State University, the Behrend College. |
| 250 | _aSecond edition. | ||
| 264 | 1 |
_aBoston, MA : _bBrooks/Cole, Cengage Learning, _c[2013] |
|
| 300 |
_axv, 996, 122 pages : _bcolor illustrations ; _c26 cm |
||
| 336 |
_atext _2rdacontent |
||
| 337 |
_aunmediated _2rdamedia |
||
| 338 |
_avolume _2rdacarrier |
||
| 500 | _aIncludes index. | ||
| 650 | 0 | _aAlgebra. | |
| 650 | 0 | _aCalculus. | |
| 700 | 1 | _aHodgkins, Anne V. | |
| 700 | 1 | _aFalvo, David C. | |
| 906 |
_a7 _bcbc _corigcop _d2 _eepcn _f20 _gy-gencatlg |
||
| 942 |
_2ddc _cBK _h512.9 _iLAR/C _k512.9 _mLAR/C |
||
| 999 |
_c42328 _d42328 |
||